000 02108cas a2200589 a 4500
999 _c234191
_d234191
001 11422989
003 Nust
005 20170315121500.0
008 930108c19939999ohumr p 0 a0eng c
010 _a 93650321
_zsn 93026996
020 _a81-313-0154-0
035 _a(OCoLC)ocm27214642
037 _b623 West Liberty St., Medina, OH 44256
040 _cASAB
042 _apcc
_ansdp
050 0 0 _aSF521
_b.G5
070 0 _aSF521.B43
072 0 _aL100
072 0 _aL002
082 1 0 _a638
_212
210 0 _aBee cult.
222 0 _aBee culture
245 0 0 _aBee culture.
_cS.N. Mahindru
260 _aMedina, Ohio :
_bA.I. Root Co.,
_cc1993-
300 _a204 p
_bill. ;
_c28 cm.
310 _aMonthly
362 0 _aJan. 1993-
500 _aTitle from cover.
500 _aIssues for: <Jan. 1994-> also called: <Vol. 122, no. 1->.
525 _aIssues for Feb. 2009- include supplement titled: Science of bee culture.
530 _aAlso issued online.
588 _aLatest issue consulted: Vol. 137, no. 2 (Feb. 2009).
590 _aSERBIB/SERLOC merged record
650 0 _aBee culture
_vPeriodicals.
650 7 _aBee culture.
_2fast
_0(OCoLC)fst00829545
655 7 _aPeriodicals.
_2fast
_0(OCoLC)fst01411641
740 0 2 _aScience of bee culture.
776 1 _tBee culture (Online)
_x1931-4000
_w(DLC) 00220011
_w(OCoLC)43313723
776 0 8 _iOnline version:
_tBee culture
_w(OCoLC)761199219
780 0 0 _tGleanings in bee culture
_x0017-114X
_w(DLC)sf 76000152
_w(OCoLC)2587368
906 _a7
_bcbc
_cserials
_du
_encip
_f19
_gn-oclcserc
942 _2ddc
_cBK